| 000 | 01339nmc a2200469 a 4500 | ||
|---|---|---|---|
| 003 | AR-BaBNM | ||
| 005 | 20251128204829.0 | ||
| 008 | 076019s1977 ||||||||||||||000 | spa|| | ||
| 040 | _cAR-BaBNM | ||
| 100 | 1 |
_aCohen, John Michael _d1903 |
|
| 245 | 1 | 0 | _aPoesía de nuestro tiempo |
| 250 | _a2ª ed. | ||
| 260 |
_aMéxico, D.F. _bFondo de Cultura Económica _c1977 |
||
| 300 | 0 | _a435 p. | |
| 490 | 0 |
_aBreviarios _vv. 171 |
|
| 500 | 0 | _aIndice de nombres en p. 427-435 | |
| 500 | 0 | _aPrefacio a la segunda edición en p. 9 | |
| 500 | 0 | _aPrefacio a la primera edición en p. 11-12 | |
| 600 | 1 | 4 | _aGarcía Lorca, Federico |
| 600 | 1 | 4 | _aBaudelaire, Charles Pierre |
| 600 | 1 | 4 | _aByron, George Gordon Byron |
| 600 | 1 | 4 |
_aRilke, Rainer María _d1875-1926 |
| 600 | 1 | 4 | _aKafka, Franz |
| 600 | 1 | 4 | _aValery, Paul |
| 600 | 1 | 4 | _aGeorge, Stefan |
| 600 | 1 | 4 | _aDarío, Rubén |
| 600 | 1 | 4 | _aYeats, William Butler |
| 600 | 1 | 4 | _aMolinari, Ricardo |
| 600 | 1 | 4 | _aBlok, Alesandr |
| 600 | 1 | 4 | _aGraves, Robert |
| 650 | 4 | _aPOESIA CONTEMPORANEA | |
| 650 | 4 | _aPOETAS | |
| 650 | 4 | _aCRITICA LITERARIA | |
| 650 | 4 | _aANALISIS LITERARIO | |
| 650 | 4 | _aINVESTIGACION LITERARIA | |
| 651 | 4 | _aReino Unido | |
| 651 | 4 | _aEspaña | |
| 655 | _aLITERATURA | ||
| 700 | 1 |
_aMonterroso, Augusto _etraductor |
|
| 942 | _cBK | ||
| 998 | _cGLORIA | ||
| 999 |
_c8975 _d8975 |
||